000
00344pab a2200145 454500
008
180718b2004 xxu||||| |||| 00| 0 eng d
100
_a
Banerjee, Sumanta
245
_a
Pronography of torture
260
_c
2004
300
_a
p.3443-444.
362
_a
31 Jul
650
_a
Torture
773
_a
Economic and Political Weekly
909
_a
61952
999
_c
61952
_d
61952